Statistics for "G" Antonyms

Click here to take the quiz!

General Stats

  • This quiz has been taken 86 times
  • The average score is 14 of 20

Answer Stats

WordG Antonyms% Correct
ComeGo
100%
BadGood / Great / Grand
100%
BrideGroom
100%
BoyGirl / Gal
99%
ReceiveGive
96%
BoyishGirlish / Girly
95%
HelloGoodbye
92%
InnocentGuilty
86%
ShrinkGrow / Gain
84%
StingyGiving / Generous
68%
SadGlad / Gleeful / Giddy
65%
DropoutGraduate
65%
SexGender
61%
FakeGenuine
61%
UglyGorgeous
61%
GenerosityGreed
57%
RoughGentle
37%
SeriousGoofy
37%
DevilishGodly
34%
UnderstatedGaudy / Garish
16%

Score Distribution

Percentile by Number Answered

Percent of People with Each Score

Your Score History

You have not taken this quiz